Представление документа в формате RUSMARC

ПолеНазваниеЗначение
  Тип записи a
  Библиографический уровень m
001 Контрольный номер UONB/MAIN/b4123580984c4883a4939f27ec611e92
005 Дата корректировки 20250520124625.0
010 Индекс ISBN __
b Уточнения в пер.
d Цена 1 р. 17 к.
9 Тираж 6000 экз.
100 Данные общей обработки __
a Данные общей обработки 20230214 1967 u y0rusy0189## ca
101 Язык документа 0_
a Язык текста rus
102 Страна публикации __
a Страна публикации RU
105 Кодированные данные (монография) __
a Кодированные данные (монография) a z 001yy
200 Заглавие и сведения об ответственности 1_
a Заглавие Свободная ковка на прессах
f Первые сведения об ответственности И.Я. Тарновский, В.Н. Трубин, М.Г. Златкин
203 Вид содержания и тип средства __
a Вид содержания Текст
b Характеристика содержания визуальный
c Тип средства непосредственный
210 Выходные данные 1_
a Место издания Москва
c Издательство Машиностроение
d Дата издания 1967
215 Физическое описание __
a Объем 328 с.
c Иллюстрации/тип воспроизводства ил., с илл.
d Формат 22 см
320 Библиография __
a Библиография Библиогр.: с. 323-325
606 Тематические рубрики 0_
a Основная рубрика Кузнечное производство
610 Ключевые слова 0_
a Ключевые слова кузнечное производство
675 Индекс УДК __
a Индекс УДК 6П4.241
686 Индексы других классификаций __
a Классификационный индекс 34
2 Код системы rubbk
700 Автор _1
a Фамилия Тарновский
b Имя (инициалы) И.Я.
g Полное личное имя Иосиф Яковлевич
701 Альтернативная интеллектуальная ответственность _1
a Фамилия Трубин
b Имя (инициалы) В.Н.
g Полное личное имя Валерий Николаевич
4 Код отношения 070
701 Альтернативная интеллектуальная ответственность _1
a Фамилия Златкин
b Имя (инициалы) М.Г.
g Полное личное имя Моисей Григорьевич
4 Код отношения 070
801 Источник записи _0
a Страна RU
b Организация Ульяновская ОНБ
c Дата составления 20230214
g Правила каталогизации RCR
801 Источник записи _1
a Страна RU
b Организация Ульяновская ОНБ
c Дата составления 20230214
g Правила каталогизации RCR
901 Тип документа __
t Тип документа m
909 Создатель записи __
a Создатель записи Аверьянова
b Дата создания записи 20230214